00715cam a22002411i 4500001001300000003000400013005001700017008004100034010001700075035001900092040001800111042001200129043001200141050001600153100004100169245005600210260004900266300002800315504004000343650003500383650003800418999001700456gs 16000471 DLC20260227111319.0800718s1916 enka b 000 0 eng  ags 16000471  a(OCoLC)6528068 aDLCcNNMdDLC apremarc ae-uk-en00aQE261b.H821 aHughes, Thomas McKenney,d1832-1917.14aThe gravels of East Anglia /cby T. McKenny Hughes. aCambridge :bAt the University Press,c1916. a58 p. :bill. ;c22 cm. aIncludes bibliographical footnotes. 0aGeologyzEnglandzEast Anglia. 0aGeology, StratigraphicyTertiary. c25678d25678